[Event "2024 National Elementary (K-6) Championship"]
[Site "Columbus, Ohio, United States"]
[Date "????.??.??"]
[Round "1.15"]
[White "Iranian Prabhu Kumar, Ashwin"]
[Black "Patino Fatz, Gabriel Johnson"]
[Result "0-1"]
[TimeControl "G/90; d10"]
[WhiteFideId "39905373"]
[BlackFideId "44700130"]
[WhiteElo "2027"]
[BlackElo "1470"]

1. e4 {[%clk 01:29:59]} {[%emt 00:00:09]} c6 {[%clk 01:30:00]} {[%emt
00:00:20]} 2. d4 {[%clk 01:29:55]} {[%emt 00:00:06]} d5 {[%clk 01:30:00]}
{[%emt 00:00:09]} 3. exd5 {[%clk 01:29:52]} {[%emt 00:00:09]} cxd5 {[%clk
01:30:00]} {[%emt 00:00:10]} 4. Nf3 {[%clk 01:29:52]} {[%emt 00:00:33]} Nf6
{[%clk 01:29:35]} {[%emt 00:00:14]} 5. Bd3 {[%clk 01:29:46]} {[%emt 00:00:16]}
Nc6 {[%clk 01:29:30]} {[%emt 00:00:38]} 6. c3 {[%clk 01:29:37]} {[%emt
00:00:11]} Bg4 {[%clk 01:29:30]} {[%emt 00:00:09]} 7. O-O {[%clk 01:28:40]}
{[%emt 00:00:51]} e6 {[%clk 01:28:57]} {[%emt 00:00:45]} 8. Bf4 {[%clk
01:28:11]} {[%emt 00:00:42]} Bd6 {[%clk 01:28:24]} {[%emt 00:00:42]} 9. Bxd6
{[%clk 01:27:33]} {[%emt 00:00:47]} Qxd6 {[%clk 01:28:18]} {[%emt 00:00:21]} 10.
h3 {[%clk 01:27:14]} {[%emt 00:00:32]} Bh5 {[%clk 01:27:53]} {[%emt 00:00:34]}
11. Nbd2 {[%clk 01:27:14]} {[%emt 00:00:12]} O-O {[%clk 01:27:01]} {[%emt
00:00:53]} 12. Re1 {[%clk 01:26:52]} {[%emt 00:00:31]} Rfc8 {[%clk 01:24:44]}
{[%emt 00:02:25]} 13. Qb3 {[%clk 01:26:07]} {[%emt 00:01:02]} a6 {[%clk
01:13:59]} {[%emt 00:10:47]} 14. Ne5 {[%clk 01:25:08]} {[%emt 00:01:11]} Rab8
{[%clk 01:02:28]} {[%emt 00:11:43]} 15. a4 {[%clk 01:22:53]} {[%emt 00:02:20]}
Nd7 {[%clk 00:35:37]} {[%emt 00:27:02]} 16. Nxd7 {[%clk 01:17:33]} {[%emt
00:05:29]} Qxd7 {[%clk 00:35:09]} {[%emt 00:01:01]} 17. Nf1 {[%clk 01:17:33]}
{[%emt 00:00:12]} Bg6 {[%clk 00:30:29]} {[%emt 00:04:20]} 18. Bxg6 {[%clk
01:17:15]} {[%emt 00:00:35]} hxg6 {[%clk 00:30:29]} {[%emt 00:00:08]} 19. Qb6
{[%clk 01:16:42]} {[%emt 00:00:42]} Ne7 {[%clk 00:28:57]} {[%emt 00:01:39]} 20.
Ng3 {[%clk 01:16:19]} {[%emt 00:00:35]} Rc6 {[%clk 00:26:59]} {[%emt 00:02:11]}
21. Qb4 {[%clk 01:15:22]} {[%emt 00:01:07]} Nc8 {[%clk 00:23:29]} {[%emt
00:03:35]} 22. a5 {[%clk 01:12:39]} {[%emt 00:03:00]} b5 {[%clk 00:21:54]}
{[%emt 00:01:38]} 23. b3 {[%clk 01:10:47]} {[%emt 00:02:02]} Nd6 {[%clk
00:20:38]} {[%emt 00:01:25]} 24. Re3 {[%clk 01:07:45]} {[%emt 00:03:15]} Rbc8
{[%clk 00:19:20]} {[%emt 00:01:26]} 25. Ne2 {[%clk 00:59:04]} {[%emt 00:08:57]}
Qc7 {[%clk 00:17:39]} {[%emt 00:01:44]} 26. Rf3 {[%clk 00:58:40]} {[%emt
00:00:34]} Ne4 {[%clk 00:16:12]} {[%emt 00:01:39]} 27. Rc1 {[%clk 00:58:33]}
{[%emt 00:00:15]} Qd6 {[%clk 00:14:28]} {[%emt 00:01:56]} 28. Qxd6 {[%clk
00:58:00]} {[%emt 00:00:43]} Rxd6 {[%clk 00:14:08]} {[%emt 00:00:24]} 29. Re3
{[%clk 00:57:36]} {[%emt 00:00:38]} Rdc6 {[%clk 00:13:26]} {[%emt 00:00:52]} 30.
f3 {[%clk 00:57:28]} {[%emt 00:00:35]} Nd6 {[%clk 00:08:00]} {[%emt 00:05:19]}
31. Ra1 {[%clk 00:56:46]} {[%emt 00:01:04]} Kf8 {[%clk 00:06:30]} {[%emt
00:01:28]} 32. Kf2 {[%clk 00:55:56]} {[%emt 00:01:00]} Ke7 {[%clk 00:06:19]}
{[%emt 00:00:24]} 33. Ke1 {[%clk 00:54:47]} {[%emt 00:01:15]} g5 {[%clk
00:05:34]} {[%emt 00:00:56]} 34. Ra2 {[%clk 00:54:17]} {[%emt 00:00:42]} Nf5
{[%clk 00:04:49]} {[%emt 00:01:26]} 35. Rd3 {[%clk 00:54:11]} {[%emt 00:00:07]}
Kd6 {[%clk 00:04:43]} 36. Kd2 {[%clk 00:53:48]} {[%emt 00:00:29]} f6 {[%clk
00:04:20]} {[%emt 00:00:54]} 37. g4 {[%clk 00:52:45]} {[%emt 00:00:48]} Ne7
{[%clk 00:02:48]} {[%emt 00:01:43]} 38. Kd1 {[%clk 00:50:27]} {[%emt 00:02:26]}
Ng6 {[%clk 00:02:37]} {[%emt 00:00:21]} 39. Re3 {[%clk 00:48:51]} {[%emt
00:01:46]} Rh8 {[%clk 00:02:04]} {[%emt 00:00:43]} 40. Ng1 {[%clk 00:48:51]}
{[%emt 00:00:11]} Nf4 {[%clk 00:01:55]} {[%emt 00:00:13]} 41. Rh2 {[%clk
00:48:20]} {[%emt 00:00:39]} e5 {[%clk 00:01:43]} {[%emt 00:00:26]} 42. dxe5+
{[%clk 00:45:51]} {[%emt 00:02:36]} fxe5 {[%clk 00:01:37]} {[%emt 00:00:15]} 43.
Rd2 {[%clk 00:45:27]} {[%emt 00:00:43]} Ke6 {[%clk 00:00:30]} {[%emt 00:01:10]}
44. Ne2 {[%clk 00:44:56]} {[%emt 00:00:41]} Kf6 {[%clk 00:00:19]} {[%emt
00:00:23]} 45. Nxf4 {[%clk 00:43:43]} {[%emt 00:01:20]} gxf4 {[%clk 00:00:19]}
{[%emt 00:00:17]} 46. Red3 {[%clk 00:43:22]} {[%emt 00:00:58]} Rxh3 {[%clk
00:00:19]} 47. Rxd5 {[%clk 00:42:38]} {[%emt 00:00:23]} Rxf3 {[%clk 00:00:17]}
{[%emt 00:00:12]} 48. Rd6+ {[%clk 00:41:06]} {[%emt 00:01:43]} Rxd6 {[%clk
00:00:17]} {[%emt 00:00:40]} 49. Rxd6+ {[%clk 00:40:42]} {[%emt 00:00:04]} Ke7
{[%clk 00:00:17]} {[%emt 00:00:04]} 50. Rc6 {[%clk 00:40:33]} {[%emt 00:00:09]}
e4 {[%clk 00:00:17]} {[%emt 00:00:17]} 51. Kd2 {[%clk 00:39:50]} {[%emt
00:00:41]} e3+ {[%clk 00:00:17]} {[%emt 00:00:17]} 52. Ke1 {[%clk 00:38:59]}
{[%emt 00:00:50]} Rh3 {[%clk 00:00:17]} {[%emt 00:00:42]} 53. Ke2 {[%clk
00:38:14]} {[%emt 00:00:23]} Rh2+ {[%clk 00:00:17]} {[%emt 00:00:07]} 54. Kd1
{[%clk 00:37:58]} {[%emt 00:00:23]} f3 {[%clk 00:00:17]} {[%emt 00:00:06]} 55.
Rc5 {[%clk 00:37:15]} {[%emt 00:00:53]} Kd6 {[%clk 00:00:15]} {[%emt 00:00:10]}
56. Rf5 {[%clk 00:37:15]} {[%emt 00:00:15]} Rd2+ {[%clk 00:00:15]} {[%emt
00:00:19]} 57. Ke1 {[%clk 00:37:02]} {[%emt 00:00:08]} f2+ {[%clk 00:00:15]}
{[%emt 00:00:04]} 58. Kf1 {[%clk 00:37:02]} {[%emt 00:00:04]} Rd1+ {[%clk
00:00:15]} {[%emt 00:00:22]} 59. Ke2 {[%emt 00:00:18]} Re1+ 0-1

[Event "2024 National Elementary (K-6) Championship"]
[Site "Columbus, Ohio, United States"]
[Date "????.??.??"]
[Round "1.16"]
[White "Han, Theodore"]
[Black "Hanke, Harvey"]
[Result "0-1"]
[TimeControl "G/90; d10"]
[BlackFideId "30999200"]
[WhiteElo "1467"]
[BlackElo "2016"]

1. e4 {[%clk 01:30:00]} {[%emt 00:00:11]} e5 {[%clk 01:30:00]} 2. Nf3 {[%clk
01:30:00]} Nc6 {[%clk 01:30:00]} {[%emt 00:00:16]} 3. d4 {[%clk 01:30:00]} exd4
{[%clk 01:30:00]} {[%emt 00:00:12]} 4. Nxd4 {[%clk 01:30:00]} Bc5 {[%clk
01:30:00]} {[%emt 00:00:05]} 5. Nb3 {[%clk 01:30:00]} {[%emt 00:00:14]} Bb6
{[%clk 01:30:00]} {[%emt 00:00:03]} 6. Nc3 {[%clk 01:29:52]} {[%emt 00:00:25]}
Nf6 {[%clk 01:29:50]} {[%emt 00:00:06]} 7. Qe2 {[%clk 01:29:51]} {[%emt
00:00:10]} O-O {[%clk 01:29:50]} {[%emt 00:00:42]} 8. Bg5 {[%clk 01:29:47]} Nd4
{[%clk 01:29:20]} {[%emt 00:00:20]} 9. Qd2 {[%clk 01:28:24]} {[%emt 00:01:42]}
Nxb3 {[%clk 01:29:04]} {[%emt 00:00:17]} 10. cxb3 {[%clk 01:28:24]} {[%emt
00:00:35]} h6 {[%clk 01:27:00]} {[%emt 00:01:48]} 11. Bh4 {[%clk 01:28:16]}
{[%emt 00:00:19]} Nxe4 {[%clk 01:25:05]} {[%emt 00:02:04]} 12. Qf4 {[%clk
01:19:19]} {[%emt 00:09:05]} g5 {[%clk 01:22:39]} {[%emt 00:02:45]} 13. Nxe4
{[%clk 01:16:53]} {[%emt 00:02:32]} gxf4 {[%clk 01:20:11]} {[%emt 00:02:34]} 14.
Bxd8 {[%clk 01:16:47]} {[%emt 00:00:53]} Rxd8 {[%clk 01:20:11]} 15. Nf6+ {[%clk
01:16:47]} {[%emt 00:00:03]} Kf8 {[%clk 01:14:51]} {[%emt 00:05:24]} 16. Nd5
{[%clk 01:14:50]} {[%emt 00:01:48]} Bd4 {[%clk 01:09:36]} {[%emt 00:05:24]} 17.
Nxc7 {[%clk 01:12:05]} {[%emt 00:03:27]} Bxb2 {[%clk 01:08:55]} {[%emt
00:00:20]} 18. Rb1 {[%clk 01:11:29]} {[%emt 00:00:53]} Bc3+ {[%clk 01:07:53]}
{[%emt 00:01:06]} 19. Ke2 {[%clk 01:11:11]} {[%emt 00:00:25]} Rb8 {[%clk
01:07:23]} {[%emt 00:00:43]} 20. Nb5 {[%clk 01:07:43]} {[%emt 00:03:36]} Be5
{[%clk 01:06:16]} {[%emt 00:01:18]} 21. Nxa7 {[%clk 01:07:24]} {[%emt
00:00:28]} Ra8 {[%clk 01:06:04]} {[%emt 00:00:24]} 22. Nxc8 {[%clk 01:06:05]}
{[%emt 00:01:30]} Rxa2+ {[%clk 01:05:53]} {[%emt 00:00:16]} 23. Kf3 {[%clk
01:04:09]} {[%emt 00:02:05]} Rxc8 {[%clk 01:05:53]} {[%emt 00:00:35]} 24. Bc4
{[%clk 01:03:20]} {[%emt 00:00:30]} d6 {[%clk 00:57:28]} {[%emt 00:08:36]} 25.
Rhf1 {[%clk 01:02:33]} {[%emt 00:01:14]} Rc5 {[%clk 00:54:27]} {[%emt
00:02:54]} 26. h3 {[%clk 00:58:38]} {[%emt 00:04:05]} d5 {[%clk 00:38:26]}
{[%emt 00:16:14]} 27. Bd3 {[%clk 00:57:50]} {[%emt 00:00:55]} Rc3 {[%clk
00:38:03]} {[%emt 00:00:36]} 28. Rbd1 {[%clk 00:56:12]} {[%emt 00:01:42]} Rxb3
{[%clk 00:37:16]} {[%emt 00:00:59]} 29. Rfe1 {[%clk 00:54:58]} {[%emt
00:01:22]} Bd6 {[%clk 00:32:00]} {[%emt 00:05:30]} 30. Rg1 {[%clk 00:52:08]}
{[%emt 00:03:31]} Raa3 {[%clk 00:29:22]} {[%emt 00:02:16]} 31. Ke2 {[%clk
00:51:43]} {[%emt 00:00:57]} Bc5 {[%clk 00:28:50]} {[%emt 00:00:44]} 32. Rgf1
{[%clk 00:50:42]} {[%emt 00:01:09]} b5 {[%clk 00:27:48]} {[%emt 00:00:50]} 33.
Rd2 {[%clk 00:48:29]} {[%emt 00:02:23]} Bb4 {[%clk 00:16:51]} {[%emt 00:11:11]}
34. Rdd1 {[%clk 00:47:20]} {[%emt 00:01:15]} Ra2+ {[%clk 00:15:23]} {[%emt
00:01:39]} 35. Kf3 {[%clk 00:46:42]} {[%emt 00:00:45]} Bd2 {[%clk 00:14:08]}
{[%emt 00:01:26]} 36. Ke2 {[%clk 00:46:10]} {[%emt 00:00:43]} Ba5+ {[%clk
00:12:30]} {[%emt 00:01:55]} 37. Kf3 {[%clk 00:46:04]} {[%emt 00:00:23]} Raa3
{[%clk 00:12:30]} {[%emt 00:00:09]} 38. Ke2 {[%clk 00:45:55]} {[%emt 00:00:10]}
b4 {[%clk 00:12:25]} {[%emt 00:00:11]} 39. Rd2 {[%clk 00:44:42]} {[%emt
00:01:28]} Rc3 {[%clk 00:11:25]} {[%emt 00:01:06]} 40. Bb5 {[%clk 00:43:52]}
{[%emt 00:01:08]} Rc5 {[%clk 00:11:14]} {[%emt 00:00:12]} 41. Bd3 {[%clk
00:43:38]} {[%emt 00:00:23]} b3 {[%clk 00:08:49]} {[%emt 00:02:36]} 42. Rdd1
{[%clk 00:42:51]} {[%emt 00:00:57]} Bc3 {[%clk 00:08:26]} {[%emt 00:00:33]} 43.
Rb1 {[%clk 00:41:46]} {[%emt 00:01:14]} Bd4 {[%clk 00:06:44]} {[%emt 00:01:57]}
44. Kf3 {[%clk 00:39:41]} {[%emt 00:02:12]} Rc3 {[%clk 00:06:32]} {[%emt
00:00:24]} 45. Rbd1 {[%clk 00:38:36]} {[%emt 00:01:13]} Be5 {[%clk 00:04:59]}
{[%emt 00:01:54]} 46. Ke2 {[%clk 00:38:05]} {[%emt 00:00:51]} Kg7 {[%clk
00:04:59]} 47. Rfe1 {[%clk 00:36:54]} {[%emt 00:01:06]} Bd4 {[%clk 00:03:25]}
{[%emt 00:01:47]} 48. Rf1 {[%clk 00:36:44]} {[%emt 00:00:20]} Ra2+ {[%clk
00:03:12]} {[%emt 00:00:28]} 49. Kf3 {[%clk 00:36:40]} {[%emt 00:00:05]} Be5
{[%clk 00:03:00]} {[%emt 00:00:28]} 50. Rfe1 {[%clk 00:36:16]} {[%emt
00:00:29]} Kf6 {[%clk 00:03:00]} {[%emt 00:00:09]} 51. Rf1 {[%clk 00:35:45]}
{[%emt 00:00:34]} b2 {[%clk 00:01:58]} {[%emt 00:01:14]} 52. Kg4 {[%clk
00:34:57]} {[%emt 00:00:55]} Ra4 {[%clk 00:01:05]} {[%emt 00:01:04]} 53. Kh5
{[%clk 00:33:46]} {[%emt 00:01:19]} Rd4 {[%clk 00:00:54]} {[%emt 00:00:45]} 54.
Bb1 {[%clk 00:33:09]} {[%emt 00:00:24]} Rxd1 {[%clk 00:00:54]} {[%emt
00:00:08]} 55. Rxd1 {[%clk 00:32:39]} {[%emt 00:00:37]} Rc1 {[%clk 00:00:54]}
{[%emt 00:00:05]} 56. Rxd5 {[%clk 00:32:20]} {[%emt 00:00:26]} Rxb1 {[%clk
00:00:54]} {[%emt 00:00:30]} 57. Rb5 {[%clk 00:32:15]} {[%emt 00:00:03]} Rf1
{[%clk 00:00:54]} 58. Kxh6 {[%clk 00:32:07]} {[%emt 00:00:42]} b1=Q {[%clk
00:00:54]} 59. Rxb1 {[%clk 00:32:05]} {[%emt 00:00:11]} Rxb1 {[%clk 00:00:54]}
60. Kh5 {[%clk 00:31:43]} {[%emt 00:00:05]} Kf5 {[%clk 00:00:54]} {[%emt
00:00:06]} 61. g4+ {[%clk 00:31:03]} {[%emt 00:00:57]} fxg3 {[%clk 00:00:54]}
{[%emt 00:00:13]} 62. Kh6 {[%clk 00:31:03]} Rb8 {[%clk 00:00:54]} 0-1

[Event "2024 National Elementary (K-6) Championship"]
[Site "Columbus, Ohio, United States"]
[Date "????.??.??"]
[Round "1.17"]
[White "Hernandez, Ruben Jacob"]
[Black "Muniz, Camila K"]
[Result "1/2-1/2"]
[TimeControl "G/90; d10"]
[WhiteElo "1199"]
[BlackElo "1018"]

1. e4 {[%clk 01:30:00]} {[%emt 00:00:06]} c6 {[%clk 01:29:58]} {[%emt
00:00:06]} 2. Nf3 {[%clk 01:29:59]} {[%emt 00:00:17]} d5 {[%clk 01:29:43]}
{[%emt 00:00:26]} 3. exd5 {[%clk 01:29:33]} {[%emt 00:00:36]} cxd5 {[%clk
01:29:40]} {[%emt 00:00:12]} 4. d4 {[%clk 01:29:26]} {[%emt 00:00:17]} Bf5
{[%clk 01:29:39]} {[%emt 00:00:12]} 5. Nc3 {[%clk 01:28:48]} {[%emt 00:00:48]}
Nf6 {[%clk 01:29:14]} {[%emt 00:00:20]} 6. Bf4 {[%clk 01:28:13]} {[%emt
00:00:59]} e6 {[%clk 01:28:59]} {[%emt 00:00:25]} 7. Bb5+ {[%clk 01:27:27]}
{[%emt 00:00:56]} Nfd7 {[%clk 01:28:39]} {[%emt 00:00:30]} 8. O-O {[%clk
01:26:17]} {[%emt 00:01:20]} Bb4 {[%clk 01:27:53]} {[%emt 00:00:56]} 9. a3
{[%clk 01:23:50]} {[%emt 00:02:37]} Bxc3 {[%clk 01:27:38]} {[%emt 00:00:25]} 10.
bxc3 {[%clk 01:23:22]} {[%emt 00:00:39]} O-O {[%clk 01:27:17]} {[%emt
00:00:30]} 11. c4 {[%clk 01:23:00]} {[%emt 00:00:28]} Nb6 {[%clk 01:26:17]}
{[%emt 00:01:14]} 12. c5 {[%clk 01:18:34]} {[%emt 00:04:37]} Nc4 {[%clk
01:25:19]} {[%emt 00:01:07]} 13. Bxc4 {[%clk 01:18:27]} {[%emt 00:00:17]} dxc4
{[%clk 01:25:12]} {[%emt 00:00:18]} 14. Rb1 {[%clk 01:17:52]} {[%emt 00:00:41]}
b6 {[%clk 01:24:27]} {[%emt 00:00:59]} 15. Qe2 {[%clk 01:15:32]} {[%emt
00:02:29]} bxc5 {[%clk 01:21:12]} {[%emt 00:03:25]} 16. dxc5 {[%clk 01:14:07]}
{[%emt 00:01:37]} Qd5 {[%clk 01:19:55]} {[%emt 00:01:27]} 17. Rfd1 {[%clk
01:12:46]} {[%emt 00:01:22]} Qe4 {[%clk 01:18:42]} {[%emt 00:01:31]} 18. Qxe4
{[%clk 01:11:27]} {[%emt 00:01:29]} Bxe4 {[%clk 01:18:12]} {[%emt 00:00:40]} 19.
Nd4 {[%clk 01:10:01]} {[%emt 00:01:18]} Re8 {[%clk 01:16:54]} {[%emt 00:01:45]}
20. Re1 {[%clk 01:08:27]} {[%emt 00:01:46]} f5 {[%clk 01:15:24]} {[%emt
00:01:40]} 21. Be5 {[%clk 01:07:41]} {[%emt 00:00:55]} Nc6 {[%clk 01:14:20]}
{[%emt 00:01:15]} 22. Nxc6 {[%clk 01:07:05]} {[%emt 00:00:45]} Bxc6 {[%clk
01:14:13]} {[%emt 00:00:17]} 23. c3 {[%clk 01:04:53]} {[%emt 00:02:22]} Rad8
{[%clk 01:13:21]} {[%emt 00:01:02]} 24. Rbd1 {[%clk 01:04:14]} {[%emt
00:00:43]} Rd5 {[%clk 01:12:51]} {[%emt 00:00:47]} 25. Bd6 {[%clk 01:01:56]}
{[%emt 00:02:29]} Rd3 {[%clk 01:10:56]} {[%emt 00:02:04]} 26. Rxd3 {[%clk
01:01:00]} {[%emt 00:01:05]} cxd3 {[%clk 01:10:51]} {[%emt 00:00:14]} 27. Rd1
{[%clk 00:59:03]} {[%emt 00:02:05]} Bb5 {[%clk 01:10:26]} {[%emt 00:00:37]} 28.
Bf4 {[%clk 00:55:08]} {[%emt 00:04:06]} e5 {[%clk 01:08:37]} {[%emt 00:01:59]}
29. Bd2 {[%clk 00:54:50]} {[%emt 00:00:24]} Rc8 {[%clk 01:08:04]} {[%emt
00:00:47]} 30. Rc1 {[%clk 00:47:27]} {[%emt 00:07:33]} Rxc5 {[%clk 01:07:04]}
{[%emt 00:01:10]} 31. g3 {[%clk 00:46:52]} {[%emt 00:00:42]} Rc4 {[%clk
01:06:01]} {[%emt 00:01:16]} 1/2-1/2

[Event "2024 National Elementary (K-6) Championship"]
[Site "Columbus, Ohio, United States"]
[Date "????.??.??"]
[Round "1.18"]
[White "Baker, Paxton Kaj"]
[Black "Xu, Serena"]
[Result "0-1"]
[TimeControl "G/90; d10"]
[WhiteElo "698"]
[BlackElo "894"]

1. d4 {[%clk 01:29:56]} {[%emt 00:00:14]} d5 {[%clk 01:30:00]} {[%emt
00:00:08]} 2. c4 {[%clk 01:29:54]} {[%emt 00:00:12]} e6 {[%clk 01:29:56]}
{[%emt 00:00:14]} 3. cxd5 {[%clk 01:29:32]} {[%emt 00:00:32]} exd5 {[%clk
01:29:42]} {[%emt 00:00:24]} 4. Nc3 {[%clk 01:29:22]} {[%emt 00:00:21]} Nf6
{[%clk 01:29:34]} {[%emt 00:00:17]} 5. Bg5 {[%clk 01:29:08]} {[%emt 00:00:24]}
Be7 {[%clk 01:29:10]} {[%emt 00:00:34]} 6. Nf3 {[%clk 01:28:42]} {[%emt
00:00:36]} h6 {[%clk 01:28:57]} {[%emt 00:00:23]} 7. Bxf6 {[%clk 01:28:14]}
{[%emt 00:00:38]} Bxf6 {[%clk 01:28:34]} {[%emt 00:00:32]} 8. e4 {[%clk
01:28:07]} {[%emt 00:00:18]} c6 {[%clk 01:28:11]} {[%emt 00:00:33]} 9. e5
{[%clk 01:27:04]} {[%emt 00:01:12]} Be7 {[%clk 01:27:23]} {[%emt 00:00:58]} 10.
Bd3 {[%clk 01:25:26]} {[%emt 00:01:48]} c5 {[%clk 01:25:38]} {[%emt 00:01:55]}
11. dxc5 {[%clk 01:23:47]} {[%emt 00:01:50]} Bxc5 {[%clk 01:25:04]} {[%emt
00:00:43]} 12. Nxd5 {[%clk 01:22:44]} {[%emt 00:01:14]} Nc6 {[%clk 01:23:52]}
{[%emt 00:01:21]} 13. Bb5 {[%clk 01:20:26]} {[%emt 00:02:29]} Be6 {[%clk
01:23:02]} {[%emt 00:01:00]} 14. Bxc6+ {[%clk 01:20:26]} {[%emt 00:00:08]} bxc6
{[%clk 01:21:40]} {[%emt 00:01:31]} 15. Nc3 {[%clk 01:19:07]} {[%emt 00:01:28]}
Qb6 {[%clk 01:19:17]} {[%emt 00:02:34]} 16. Ne4 {[%clk 01:16:56]} {[%emt
00:02:21]} Qa5+ {[%clk 01:16:43]} {[%emt 00:02:44]} 17. Nc3 {[%clk 01:16:46]}
{[%emt 00:00:19]} Bb4 {[%clk 01:16:07]} {[%emt 00:00:47]} 18. Qd2 {[%clk
01:16:04]} {[%emt 00:00:52]} Rd8 {[%clk 01:14:27]} {[%emt 00:01:51]} 19. Nd4
{[%clk 01:13:09]} {[%emt 00:03:05]} Qxe5+ {[%clk 01:13:55]} {[%emt 00:00:42]}
20. Kf1 {[%clk 01:12:19]} {[%emt 00:01:00]} Rxd4 {[%clk 01:13:24]} {[%emt
00:00:40]} 21. Qc2 {[%clk 01:09:30]} {[%emt 00:02:59]} Bc4+ {[%clk 01:12:04]}
{[%emt 00:01:30]} 22. Kg1 {[%clk 01:06:43]} {[%emt 00:02:56]} O-O {[%clk
01:07:49]} {[%emt 00:04:26]} 23. Qa4 {[%clk 01:04:52]} {[%emt 00:02:01]} Bxc3
{[%clk 01:03:14]} {[%emt 00:04:45]} 24. bxc3 {[%clk 01:04:05]} {[%emt
00:00:57]} Re4 {[%clk 01:02:34]} {[%emt 00:00:50]} 25. f3 {[%clk 01:03:23]}
{[%emt 00:00:52]} Qc5# {[%emt 00:00:23]} 0-1

[Event "2024 National Elementary (K-6) Championship"]
[Site "Columbus, Ohio, United States"]
[Date "????.??.??"]
[Round "1.19"]
[White "Sha, Yi"]
[Black "Zhu, Aiden"]
[Result "1-0"]
[TimeControl "G/90; d10"]
[WhiteFideId "39915050"]
[WhiteElo "1924"]
[BlackElo "1171"]

1. d4 {[%clk 01:30:00]} {[%emt 00:00:02]} Nf6 {[%clk 01:30:00]} {[%emt
00:00:05]} 2. c4 {[%clk 01:30:00]} {[%emt 00:00:09]} g6 {[%clk 01:30:00]}
{[%emt 00:00:08]} 3. Nc3 {[%clk 01:30:00]} {[%emt 00:00:10]} d5 {[%clk
01:30:00]} {[%emt 00:00:08]} 4. Qb3 {[%clk 01:29:35]} {[%emt 00:00:35]} dxc4
{[%clk 01:29:56]} {[%emt 00:00:15]} 5. Qxc4 {[%clk 01:29:14]} {[%emt 00:00:30]}
Bg7 {[%clk 01:29:38]} {[%emt 00:00:28]} 6. e4 {[%clk 01:28:28]} {[%emt
00:00:57]} O-O {[%clk 01:29:11]} {[%emt 00:00:37]} 7. Be2 {[%clk 01:27:52]}
{[%emt 00:00:45]} c6 {[%clk 01:26:48]} {[%emt 00:02:34]} 8. Nf3 {[%clk
01:24:57]} {[%emt 00:03:04]} Be6 {[%clk 01:25:20]} {[%emt 00:01:38]} 9. Qd3
{[%clk 01:23:30]} {[%emt 00:01:36]} Na6 {[%clk 01:23:39]} {[%emt 00:01:53]} 10.
O-O {[%clk 01:21:39]} {[%emt 00:02:00]} Qc7 {[%clk 01:21:39]} {[%emt 00:02:09]}
11. a3 {[%clk 01:18:34]} {[%emt 00:03:16]} Rfd8 {[%clk 01:20:21]} {[%emt
00:01:28]} 12. Qc2 {[%clk 01:16:18]} {[%emt 00:02:25]} Rac8 {[%clk 01:16:42]}
{[%emt 00:03:48]} 13. Be3 {[%clk 01:14:09]} {[%emt 00:02:19]} Ng4 {[%clk
01:15:32]} {[%emt 00:01:19]} 14. Rac1 {[%clk 01:11:19]} {[%emt 00:03:02]} f5
{[%clk 01:13:41]} {[%emt 00:02:02]} 15. e5 {[%clk 01:08:50]} {[%emt 00:02:38]}
c5 {[%clk 01:12:15]} {[%emt 00:01:37]} 16. d5 {[%clk 01:05:22]} {[%emt
00:03:38]} f4 {[%clk 01:09:58]} {[%emt 00:02:27]} 17. Bxf4 {[%clk 01:02:45]}
{[%emt 00:02:46]} Bf5 {[%clk 01:09:48]} {[%emt 00:00:20]} 18. Bc4 {[%clk
00:58:59]} {[%emt 00:03:56]} Kh8 {[%clk 01:08:45]} {[%emt 00:01:13]} 19. Qe2
{[%clk 00:55:54]} {[%emt 00:03:14]} Rf8 {[%clk 01:06:33]} {[%emt 00:02:23]} 20.
d6 {[%clk 00:52:11]} {[%emt 00:03:53]} Qd7 {[%clk 01:05:38]} {[%emt 00:01:04]}
21. e6 {[%clk 00:51:20]} {[%emt 00:00:59]} Qd8 {[%clk 01:03:18]} {[%emt
00:02:33]} 22. Nd5 {[%clk 00:50:09]} {[%emt 00:01:19]} Re8 {[%clk 01:00:55]}
{[%emt 00:02:34]} 23. Ng5 {[%clk 00:48:43]} {[%emt 00:01:36]} Qa5 {[%clk
01:00:09]} {[%emt 00:00:58]} 24. d7 {[%clk 00:47:15]} {[%emt 00:01:37]} Rcd8
{[%clk 00:59:46]} {[%emt 00:00:34]} 25. Nf7+ {[%clk 00:46:44]} {[%emt
00:00:40]} Kg8 {[%clk 00:59:40]} {[%emt 00:00:15]} 26. Nxd8 {[%clk 00:45:55]}
{[%emt 00:01:00]} Rxd8 {[%clk 00:59:40]} {[%emt 00:00:08]} 27. Nxe7+ {[%clk
00:45:54]} {[%emt 00:00:10]} Kh8 {[%clk 00:59:27]} {[%emt 00:00:24]} 28. Nxf5
{[%clk 00:45:49]} {[%emt 00:00:14]} gxf5 {[%clk 00:59:27]} {[%emt 00:00:10]} 29.
e7 {[%clk 00:45:46]} {[%emt 00:00:13]} 1-0